<?xml version="1.0" encoding="UTF-8"?>
<record
    xmlns:xsi="http://www.w3.org/2001/XMLSchema-instance"
    xsi:schemaLocation="http://www.loc.gov/MARC21/slim http://www.loc.gov/standards/marcxml/schema/MARC21slim.xsd"
    xmlns="http://www.loc.gov/MARC21/slim">

  <leader>01157nam a22002537a 4500</leader>
  <controlfield tag="005">20170124102959.0</controlfield>
  <datafield tag="010" ind1=" " ind2=" ">
    <subfield code="a">A-918401</subfield>
  </datafield>
  <datafield tag="020" ind1=" " ind2=" ">
    <subfield code="c">54.00</subfield>
  </datafield>
  <datafield tag="035" ind1=" " ind2=" ">
    <subfield code="a">A-918401</subfield>
  </datafield>
  <datafield tag="037" ind1=" " ind2=" ">
    <subfield code="b">Cen Lib/Ret</subfield>
  </datafield>
  <datafield tag="040" ind1=" " ind2=" ">
    <subfield code="a">DPL</subfield>
    <subfield code="b">HN</subfield>
  </datafield>
  <datafield tag="082" ind1=" " ind2=" ">
    <subfield code="a">420</subfield>
    <subfield code="b">&#x92C;&#x93E;&#x91B;&#x94B;&#x924;&#x93F; </subfield>
  </datafield>
  <datafield tag="100" ind1=" " ind2=" ">
    <subfield code="a">&#x92C;&#x93E;&#x91B;&#x94B;&#x924;&#x93F;&#x92F;&#x93E;, &#x939;&#x940;&#x930;&#x93E;&#x932;&#x93E;&#x932; </subfield>
    <subfield code="9">106198</subfield>
  </datafield>
  <datafield tag="245" ind1=" " ind2=" ">
    <subfield code="a">&#x939;&#x93F;&#x902;&#x926;&#x940;-&#x936;&#x93F;&#x915;&#x94D;&#x937;&#x923; :</subfield>
    <subfield code="c">&#x939;&#x940;&#x930;&#x93E;&#x932;&#x93E;&#x932; &#x92C;&#x93E;&#x91B;&#x94B;&#x924;&#x93F;&#x92F;&#x93E;</subfield>
    <subfield code="b">&#x938;&#x902;&#x915;&#x932;&#x94D;&#x92A;&#x928;&#x93E; &#x914;&#x930; &#x92A;&#x94D;&#x930;&#x92F;&#x94B;&#x917; /</subfield>
  </datafield>
  <datafield tag="246" ind1=" " ind2=" ">
    <subfield code="a">Hindi-shikshan : sankalpana aur prayog /</subfield>
    <subfield code="b">by Hira Lal Bachhotia</subfield>
  </datafield>
  <datafield tag="260" ind1=" " ind2=" ">
    <subfield code="a">&#x926;&#x93F;&#x932;&#x94D;&#x932;&#x940; </subfield>
    <subfield code="b">&#x906;&#x930;&#x94D;&#x92F; &#x92A;&#x94D;&#x930;&#x915;&#x93E;&#x936;&#x928; &#x92E;&#x902;&#x921;&#x932; </subfield>
    <subfield code="c">1998</subfield>
  </datafield>
  <datafield tag="270" ind1=" " ind2=" ">
    <subfield code="a">&#x938;&#x930;&#x938;&#x94D;&#x935;&#x924;&#x940; &#x92D;&#x902;&#x921;&#x93E;&#x930;, &#x917;&#x93E;&#x902;&#x927;&#x940;&#x928;&#x917;&#x930;</subfield>
    <subfield code="b">&#x926;&#x93F;&#x932;&#x94D;&#x932;&#x940; </subfield>
    <subfield code="e">110031</subfield>
  </datafield>
  <datafield tag="300" ind1=" " ind2=" ">
    <subfield code="a">111&#x92A;&#x943;.</subfield>
    <subfield code="c">21&#x938;&#x947;&#x92E;&#x940;(&#x938;&#x91C;&#x93F;&#x932;&#x94D;&#x926; ) </subfield>
  </datafield>
  <datafield tag="650" ind1=" " ind2=" ">
    <subfield code="a">&#x939;&#x93F;&#x902;&#x926;&#x940; &#x92D;&#x93E;&#x937;&#x93E;  </subfield>
    <subfield code="x"> </subfield>
    <subfield code="z"> </subfield>
    <subfield code="9">106199</subfield>
  </datafield>
  <datafield tag="650" ind1=" " ind2=" ">
    <subfield code="a">&#x939;&#x93F;&#x902;&#x926;&#x940; &#x92D;&#x93E;&#x937;&#x93E;--&#x936;&#x93F;&#x915;&#x94D;&#x937;&#x923;-&#x92A;&#x94D;&#x930;&#x935;&#x93F;&#x927;&#x93F;&#x92F;&#x93E;&#x902; </subfield>
    <subfield code="v"> </subfield>
    <subfield code="9">54035</subfield>
  </datafield>
  <datafield tag="650" ind1=" " ind2=" ">
    <subfield code="a">Hindi language</subfield>
    <subfield code="9">9446</subfield>
  </datafield>
  <datafield tag="650" ind1=" " ind2=" ">
    <subfield code="a">Hindi language--Teaching-methods</subfield>
    <subfield code="9">54036</subfield>
  </datafield>
  <datafield tag="942" ind1=" " ind2=" ">
    <subfield code="2">ddc</subfield>
    <subfield code="c">HN</subfield>
    <subfield code="h">420</subfield>
    <subfield code="m">&#x92C;&#x93E;&#x91B;&#x94B;&#x924;&#x93F; </subfield>
  </datafield>
  <datafield tag="999" ind1=" " ind2=" ">
    <subfield code="c">113828</subfield>
    <subfield code="d">113828</subfield>
  </datafield>
  <datafield tag="952" ind1=" " ind2=" ">
    <subfield code="0">0</subfield>
    <subfield code="1">0</subfield>
    <subfield code="4">0</subfield>
    <subfield code="7">0</subfield>
    <subfield code="a">L</subfield>
    <subfield code="b">L</subfield>
    <subfield code="d">2015-08-13</subfield>
    <subfield code="e">Cen Lib/Ret</subfield>
    <subfield code="g">54.00</subfield>
    <subfield code="l">1</subfield>
    <subfield code="m">2</subfield>
    <subfield code="o">420 &#x92C;&#x93E;&#x91B;&#x94B;&#x924;&#x93F;</subfield>
    <subfield code="p">A-918401</subfield>
    <subfield code="r">2021-02-11 00:00:00</subfield>
    <subfield code="s">2020-12-18</subfield>
    <subfield code="t">1</subfield>
    <subfield code="v">54.00</subfield>
    <subfield code="w">2015-08-13</subfield>
    <subfield code="y">HN</subfield>
  </datafield>
</record>
